000 00568nam a2200121Ia 4500
008 220616s9999||||xx |||||||||||||| ||und||
100 _aJustin Morgenroth||Francisco Escobedo||Stephen John Livesley
245 0 _aUrban and Periurban Forest Diversity and Ecosystem Service
546 _aEnglish[eng]
650 _aPerceptions and attitudes||Climate change||Socio-ecological systems||Ecosystem service tradeoffs||Non-market valuation||Urban forest structure and biodiversity||Management and planning
856 _uhttp://www.mdpi.com/books/pdfview/book/289
942 _cEB
999 _c19625
_d19625